000 01011nas a2200337 4500
001 BR0401819
003 BR-BrBNA
005 20231205104501.0
007 ta
008 230509b bl.|||p| |||| 00| 00por d
040 _aBR-BrBNA
_bpor
_cBiblioteca Nacional de Agricultura
041 _a(Pt)
072 _aP33; F61
100 1 _aSilva, E.F.F.
100 1 _aDuarte, S.N.
100 1 _aFolegatti, M.V.
100 1 _aRojais, E.G.
245 1 _aUtilização de testes rápidos e extratores de solução do solo na determinação de nitrato e potássio
650 _aPIMENTÃO
650 _aSOLO
650 _aFERTIRRIGAÇÃO
650 _aSOLUÇÃO DO SOLO
650 _aNITRATO
650 _aPOTÁSSIO
650 _aFOTOMETRIA DE CHAMA
650 _aSOLUÇÃO NUTRITIVA
650 _aABSORÇÃO DE NUTRIENTES
773 0 _tEngenharia Agrícola (Brazil)
_xISSN 0100-6916
_g(Sep-Dec 2003), v. 23(3) p. 460-467
_wBR0401819
909 _a202311
_bLúcia
_c55
_dLúcia Elande
942 _2AGRIS
_n0
_cANA
999 _c178354
_d178354